ميزان الإعتدال في نقد الرجال / (رقم التسجيلة. 86150)
[ عرض عادي ]
| 000 -LEADER | |
|---|---|
| fixed length control field | 00708nam a22002177a 4500 |
| 005 - DATE AND TIME OF LATEST TRANSACTION | |
| control field | 20251108172708.0 |
| 008 - FIXED-LENGTH DATA ELEMENTS--GENERAL INFORMATION | |
| fixed length control field | 250721s1995 xx 000 0 ara d |
| 082 14 - DEWEY DECIMAL CLASSIFICATION NUMBER | |
| Classification number | م/232.3/ذهب |
| 100 1# - MAIN ENTRY--PERSONAL NAME | |
| Personal name | الذهبي، شمس الدين أبو عبد الله محمد |
| Relator term | مؤلف |
| 245 10 - TITLE STATEMENT | |
| Title | ميزان الإعتدال في نقد الرجال / |
| 264 1# - PRODUCTION, PUBLICATION, DISTRIBUTION, MANUFACTURE, AND COPYRIGHT NOTICE | |
| Place of production, publication, distribution, manufacture | بيروت : |
| Name of producer, publisher, distributor, manufacturer | دار الكتب العلمية، |
| Date of production, publication, distribution, manufacture, or copyright notice | 1995. |
| 300 ## - PHYSICAL DESCRIPTION | |
| Extent | ج |
| 650 17 - SUBJECT ADDED ENTRY--TOPICAL TERM | |
| Topical term or geographic name as entry element | علوم الحديث |
| 650 17 - SUBJECT ADDED ENTRY--TOPICAL TERM | |
| Topical term or geographic name as entry element | الحديث الشريف |
| 650 17 - SUBJECT ADDED ENTRY--TOPICAL TERM | |
| Topical term or geographic name as entry element | التراجم |
| 650 17 - SUBJECT ADDED ENTRY--TOPICAL TERM | |
| Topical term or geographic name as entry element | رواة الحديث |
| 653 ## - INDEX TERM--UNCONTROLLED | |
| Uncontrolled term | الجرح والتعديل |
| 700 1# - ADDED ENTRY--PERSONAL NAME | |
| Personal name | معوض، علي |
| Relator term | محقق |
| 942 ## - ADDED ENTRY ELEMENTS (KOHA) | |
| Source of classification or shelving scheme | Dewey Decimal Classification |
| Koha item type | مراجع |
| حالة السحب | حالة الفقدان | مصدر التصنيف | حالة التلف | غير قابل للإعارة | المكتبة الرئيسية | المكتبة الحالية | موقع الرف | تاريخ التزويد | الرقم المتسلسل | Total Checkouts | رقم الإستدعاء | الباركود | تاريخ آخر ظهور | تاريخ الفاتورة | نوع المادة (كوها) |
|---|---|---|---|---|---|---|---|---|---|---|---|---|---|---|---|
| Dewey Decimal Classification | Not For Loan | مكتبة منتدى الرواد | مكتبة منتدى الرواد | مراجع | 21/12/2017 | 1652300 | م/232.3/ذهب | PLD00413926 | 28/07/2025 | 21/12/2017 | مراجع | ||||
| Dewey Decimal Classification | Not For Loan | مكتبة منتدى الرواد | مكتبة منتدى الرواد | مراجع | 21/12/2017 | 1652299 | م/232.3/ذهب | PLD00413927 | 28/07/2025 | 21/12/2017 | مراجع | ||||
| Dewey Decimal Classification | Not For Loan | مكتبة منتدى الرواد | مكتبة منتدى الرواد | مراجع | 21/12/2017 | 1652298 | م/232.3/ذهب | PLD00413928 | 28/07/2025 | 21/12/2017 | مراجع |